00441nam a22001337a 4500003000500000038001500005082001000020100003600030245012500066260003700191300002500228500001500253600003900268NUST aMr. Zahoor a621.3 aMuhammad Abdullah Adnan Farooqi aEnergy Consumption Comparison for Different Configuration of Unmanned Aerial Vehicles /cMuhammad Abdullah Adnan Farooqi aIslamabad :bCEME - NUST,c2014. axiii, 95 p. : ill, ; aHardcover. 2Electrical Engineering - MS Thesis